Kuurne-Brussels-Kuurne Cycling Race Winners - Statistics

General Stats
  • This quiz has been taken 3 times
  • The average score is 10 of 80
Answer Stats
Year Country Winner % Correct
2024 Belgium Wout Van Aert
100%
2019 Luxembourg Bob Jungels
67%
2025 Belgium Jasper Philipsen
67%
2020 Denmark Kasper Asgreen
67%
2026 Great Britain Matthew Brennan
67%
2014 Belgium Tom Boonen
67%
2009 Belgium Tom Boonen
67%
2007 Belgium Tom Boonen
67%
2018 Netherlands Dylan Groenewegen
33%
2022 Netherlands Fabio Jakobsen
33%
1997 Belgium Johan Museeuw
33%
1994 Belgium Johan Museeuw
33%
1999 Belgium Jo Planckaert
33%
1960 Belgium Joseph Planckaert
33%
1955 Belgium Joseph Planckaert
33%
2021 Denmark Mads Pedersen
33%
2015 Great Britain Mark Cavendish
33%
2012 Great Britain Mark Cavendish
33%
2017 Slovakia Peter Sagan
33%
2023 Belgium Tiesj Benoot
33%
1979 Belgium Walter Planckaert
33%
1973 Belgium Walter Planckaert
33%
1948 Belgium Achiel Buysse
0%
1949 Belgium Albert Decin
0%
1961 Belgium Alfred De Bruyne
0%
1951 Belgium André Declerck
0%
2000 Belgium Andrei Tchmil
0%
1998 Belgium Andrei Tchmil
0%
1952 Belgium André Maelbrancke
0%
1947 Belgium André Pieters
0%
1964 Belgium Arthur Decabooter
0%
2010 Netherlands Bobbie Traksel
0%
2011 Australia Christopher Sutton
0%
1967 Belgium Daniel Van Rijckeghem
0%
1989 Belgium Edwig Van Hooydonck
0%
1968 Belgium Eric Leman
0%
1976 Belgium Frans Verhaegen
0%
1975 Belgium Frans Verhaegen
0%
1969 Belgium Freddy Decloedt
0%
1995 France Frédéric Moncassin
0%
1959 Belgium Gentiel Saelens
0%
2005 United States George Hincapie
0%
1958 Belgium Gilbert Desmet
0%
1982 West Germany Gregor Braun
0%
1965 Belgium Guido Reybrouck
0%
1966 Belgium Gustaaf De Smet
0%
1972 Belgium Gustaaf Van Roosbroeck
0%
1990 Belgium Hendrik Redant
0%
1988 Belgium Hendrik Redant
0%
1946 Belgium Henri Delmuylle
0%
1956 Belgium Henri Denijs
0%
2002 Estonia Jaan Kirsipuu
0%
1983 Netherlands Jan Raas
0%
1980 Netherlands Jan Raas
0%
2016 Belgium Jasper Stuyven
0%
1991 Belgium Johnny Dauwe
0%
1957 Belgium Joseph Verhelts
0%
1981 Belgium Jos Jacobs
0%
1984 Netherlands Jos Lammertink
0%
1961 Belgium Leon Vandaele
0%
1954 Belgium Leon Vandaele
0%
1953 Belgium Leopold De Graeveleyn
0%
1987 Belgium Ludo Peeters
0%
2006 Belgium Nick Nuyens
0%
1963 Belgium Noël Foré
0%
1992 Germany Olaf Ludwig
0%
1978 Belgium Patrick Lefevere
0%
1977 Belgium Patrick Sercu
0%
2001 Belgium Peter Van Petegem
0%
1962 Netherlands Piet Rentmeester
0%
1971 Belgium Roger De Vlaeminck
0%
1970 Belgium Roger De Vlaeminck
0%
1996 Denmark Rolf Sørensen
0%
2003 Netherlands Roy Sentjens
0%
2008 Netherlands Steven de Jongh
0%
2004 Netherlands Steven de Jongh
0%
1950 Belgium Valère Ollivier
0%
1945 Belgium Valère Ollivier
0%
1974 Belgium Wilfried Wesemael
0%
1985 Belgium William Tackaert
0%
No matching quizzes found
Score Distribution
Percent of People with Each Score
Percentile by Number Answered
Your Score History
You have not taken this quiz